000 00644nam a2200241Ia 4500
003 OSt
005 20220924130105.0
006 a|||||r|||| 00| 0
007 ta
008 220923b |||||||| |||| 00| 0 per d
024 _a326943
037 _cTextual
040 _aARTS
_cARTS
_bper
041 _2per
_aper
082 _aO164,1G39x, J9
100 _aNafisi enged Au.
_9198547
245 0 _aKulliyat-e-Iraqi
260 _aTehran
_bKitab khana-e-Sinai Iran
_c1959
300 _a443p.
_ccm.
650 _aPERSIAN POETRY
942 _hO164,1G39x, J9
_cTEXL
_2CC
999 _c424030
_d424030